| 000 | 00413nam a22001697a 4500 | ||
|---|---|---|---|
| 003 | MPLRDC | ||
| 005 | 20220104114125.0 | ||
| 008 | 210129b ||||| |||| 00| 0 eng d | ||
| 082 | _a782.876 ZZT-2 | ||
| 100 | _a董蔡时 | ||
| 245 |
_a左宗棠评传 _c |
||
| 250 | _a一版一刷 | ||
| 260 |
_a _b中国社会科学出版社 _c1984 |
||
| 300 | _b平 | ||
| 650 | _a左宗棠传记 | ||
| 942 |
_cBK _o782.876 ZZT-2 |
||
| 999 |
_c4999 _d4989 |
||